=LDR 00000nam 2200000 4500 =001 INLIS000000000021321 =005 20130612120204 =008 ***********************************Ind** =035 ##$$0010-061300000021321 =041 ##$$a Ind =082 ##$$a 028.5 =090 ##$$a 028.5, Fin t =100 ##$$a Findo, M.S =245 ##$$a Tanganku senjataku, M.S Findo =260 ##$$a 1987 $b Jakarta =300 ##$$a 16 hlm, ilus, 28 cm =650 ##$$a Bacaan anak-anak =850 ##$$a NBPNMAT